000 00470pab a2200181 454500
008 180718b2000 xxu||||| |||| 00| 0 eng d
100 _aRay, Ranjan
245 _aPoverty, household size and child welfare in India
260 _c2000
300 _ap.3511-520
362 _a23 Sep
650 _aHouseholds - India
650 _aChild welfare - India
650 _aPoverty - India
650 _aPoverty
773 _aEconomic and Political Weekly
909 _a46300
999 _c46300
_d46300